Countries Across the Ocean from India - Statistics

General Stats
  • This quiz has been taken 171 times
  • The average score is 7 of 8
Answer Stats
Answer % Correct
Oman
88%
Sri Lanka
88%
Thailand
88%
Yemen
87%
Myanmar
86%
Somalia
82%
Bangladesh
79%
Djibouti
64%
No matching quizzes found
Score Distribution
Percent of People with Each Score
Percentile by Number Answered
Your Score History
You have not taken this quiz